[Event "HUN-chT2 Charousek 1011"]
[Site "Hungary"]
[Date "2010.11.21"]
[Round "6.11"]
[White "Kovacs, Daniel1111"]
[Black "Kalmar, Lilla"]
[Result "1-0"]
[WhiteElo "1801"]
[BlackElo "1907"]
[PlyCount "73"]
[EventDate "2010.09.12"]
[EventType "team-tourn"]
[EventRounds "11"]
[EventCountry "HUN"]
[SourceTitle "EXT 2012"]
[Source "ChessBase"]
[SourceDate "2011.11.24"]
[SourceVersion "1"]
[SourceVersionDate "2011.11.24"]
[SourceQuality "1"]
[WhiteTeam "Husi"]
[BlackTeam "Pannonpower"]
[WhiteTeamCountry "HUN"]
[BlackTeamCountry "HUN"]

1. e4 c5 2. c3 d5 3. e5 Nc6 4. d4 e6 5. Nf3 g6 6. Be2 Qc7 7. 0-0 Bg7 8. Bb5 Bd7 9. Bxc6 Bxc6 10. Bg5 Ne7 11. a4 b6 12. Na3 0-0 13. Nc2 Nf5 14. Ne3 Rac8 15. Nxf5 exf5 16. Rc1 Rfe8 17. Bf4 Qd7 18. b3 b5 19. dxc5 bxa4 20. b4 Bb5 21. Re1 f6 22. e6 Rxe6 23. Rxe6 Qxe6 24. Nd4 Qa6 25. Nxb5 Qxb5 26. Qxd5+ Kh8 27. Re1 a5 28. Re7 Bf8 29. Rb7 Qe2 30. h3 Qe8 31. Ra7 Bg7 32. Qb7 Qg8 33. Rxa5 Re8 34. c6 g5 35. Be3 f4 36. Bd4 Re1+ 37. Kh2 1-0

[Event "HUN-chT2 Charousek 1011"]
[Site "Hungary"]
[Date "2010.09.12"]
[Round "1"]
[White "Kalmar, Lilla"]
[Black "Hlavacs, Krisztian"]
[Result "0-1"]
[WhiteElo "1907"]
[BlackElo "1970"]
[PlyCount "94"]
[EventDate "2010.09.12"]
[EventType "team-tourn"]
[EventRounds "11"]
[EventCountry "HUN"]
[SourceTitle "EXT 2012"]
[Source "ChessBase"]
[SourceDate "2011.11.24"]
[SourceVersion "1"]
[SourceVersionDate "2011.11.24"]
[SourceQuality "1"]
[WhiteTeam "Pannonpower"]
[BlackTeam "Tapolca"]
[WhiteTeamCountry "HUN"]
[BlackTeamCountry "HUN"]

1. e4 c5 2. Nf3 a6 3. d4 cxd4 4. Nxd4 Nf6 5. Nc3 e5 6. Nf5 d5 7. Ng3 Bb4 8. Bd2 d4 9. Nce2 Bxd2+ 10. Qxd2 0-0 11. 0-0-0 Ng4 12. Ng1 Nc6 13. h3 Nf6 14. f4 exf4 15. Qxf4 Qa5 16. Bc4 Be6 17. Bxe6 fxe6 18. a3 Nh5 19. Qg4 Nxg3 20. Qxg3 e5 21. Nf3 Rac8 22. Ng5 Rf6 23. Qb3+ Kh8 24. Nf7+ Rxf7 25. Qxf7 Qc5 26. Rhf1 Na5 27. Rd2 Nc4 28. Rdf2 h6 29. Qd5 Qe7 30. Rd1 Qg5+ 31. Kb1 Nd2+ 32. Ka1 Rxc2 33. Rf8+ Kh7 34. Qg8+ Kg6 35. Qf7+ Kh7 36. Qg8+ Kg6 37. Qf7+ Kh7 38. Qf5+ Qxf5 39. Rxf5 Nc4 40. b4 d3 41. Rf3 d2 42. Rb1 Nb2 43. Rff1 Nc4 44. Rf3 Rc1 45. Rd3 Nxa3 46. Rxd2 Rxb1+ 47. Ka2 Nc4 0-1

[Event "HUN-chT2 Charousek 0910"]
[Site "Hungary"]
[Date "2010.04.11"]
[Round "9"]
[White "Czibulka, Zoltan"]
[Black "Kalmar, Lilla"]
[Result "1-0"]
[WhiteElo "2070"]
[BlackElo "1963"]
[PlyCount "119"]
[EventDate "2009.11.08"]
[EventType "team-tourn"]
[EventRounds "11"]
[EventCountry "HUN"]
[SourceTitle "EXT 2011"]
[Source "ChessBase"]
[SourceDate "2010.11.26"]
[SourceVersion "1"]
[SourceVersionDate "2010.11.26"]
[SourceQuality "1"]
[WhiteTeam "Hobagoly"]
[BlackTeam "Pannonpower"]
[WhiteTeamCountry "HUN"]
[BlackTeamCountry "HUN"]

1. Nf3 Nf6 2. c4 e6 3. b3 d5 4. Bb2 Be7 5. g3 0-0 6. Bg2 b6 7. 0-0 Bb7 8. d3 c5 9. e3 Nbd7 10. Nbd2 h6 11. Qe2 Qc7 12. d4 Rac8 13. Rac1 Qb8 14. Rfd1 Rfd8 15. Ne1 Bf8 16. Nd3 Qa8 17. dxc5 dxc4 18. Bxb7 cxd3 19. Qf3 Qb8 20. Bxc8 Rxc8 21. cxb6 axb6 22. Rxc8 Qxc8 23. Rc1 Qa6 24. a4 Bb4 25. Bc3 Ba3 26. Rd1 Nd5 27. Ba1 Bf8 28. e4 Nb4 29. Bc3 Nc2 30. Nb1 Nc5 31. b4 Nxa4 32. Qxd3 Qxd3 33. Rxd3 Nxc3 34. Rxc3 Nxb4 35. Rc8 Nd3 36. Nc3 g6 37. Kf1 Kg7 38. Ke2 Ne5 39. f4 Nd7 40. Rc7 Nc5 41. Kf3 Nb3 42. Nb5 Bc5 43. Rd7 g5 44. e5 Kg6 45. Nd6 Nd4+ 46. Kg2 f6 47. exf6 Kxf6 48. Ne4+ Kg6 49. Nxc5 bxc5 50. fxg5 hxg5 51. Rc7 Nb3 52. h3 Kf5 53. Kf2 Ke4 54. h4 gxh4 55. gxh4 Kf4 56. Rg7 Nd4 57. h5 Nf5 58. Rg6 e5 59. h6 Ne7 60. Re6 1-0

[Event "HUN-chT2 Charousek 0910"]
[Site "Hungary"]
[Date "2010.02.28"]
[Round "7"]
[White "Kalmar, Lilla"]
[Black "Makk, Norbert"]
[Result "1/2-1/2"]
[WhiteElo "1963"]
[BlackElo "1890"]
[PlyCount "84"]
[EventDate "2009.11.08"]
[EventType "team-tourn"]
[EventRounds "11"]
[EventCountry "HUN"]
[SourceTitle "EXT 2011"]
[Source "ChessBase"]
[SourceDate "2010.11.26"]
[SourceVersion "1"]
[SourceVersionDate "2010.11.26"]
[SourceQuality "1"]
[WhiteTeam "Pannonpower"]
[BlackTeam "Alsoszolnok"]
[WhiteTeamCountry "HUN"]
[BlackTeamCountry "HUN"]

1. e4 d5 2. exd5 Qxd5 3. Nc3 Qa5 4. d4 Nf6 5. Bd2 c6 6. Nf3 Bf5 7. Bc4 e6 8. 0-0 Qc7 9. h3 Bd6 10. Re1 Nbd7 11. Ng5 Nb6 12. Bb3 h6 13. Nge4 0-0-0 14. Nxd6+ Qxd6 15. Ne2 g5 16. a4 Ne4 17. c4 c5 18. Be3 Qc7 19. Qc1 a5 20. Rd1 Rd7 21. Nc3 Nxc3 22. Qxc3 cxd4 23. Bxd4 Rhd8 24. Qe3 Na8 25. Rac1 Qc6 26. c5 Nc7 27. Qc3 Qe4 28. f3 Qc6 29. Be5 Rd3 30. Qc4 Rxd1+ 31. Rxd1 Rxd1+ 32. Bxd1 Qd5 33. Qxd5 Nxd5 34. g4 Bg6 35. Bg7 h5 36. Be5 f6 37. Bd6 Kd7 38. Be2 Nc7 39. Kf2 hxg4 40. hxg4 Bc2 41. Bxc7 Kxc7 42. Bb5 Bb3 1/2-1/2

[Event "HUN-chT2 Charousek 0910"]
[Site "Hungary"]
[Date "2010.01.31"]
[Round "5"]
[White "Kalmar, Lilla"]
[Black "Balogh, Mate"]
[Result "0-1"]
[WhiteElo "1963"]
[BlackElo "2047"]
[PlyCount "74"]
[EventDate "2009.11.08"]
[EventType "team-tourn"]
[EventRounds "11"]
[EventCountry "HUN"]
[SourceTitle "EXT 2011"]
[Source "ChessBase"]
[SourceDate "2010.11.26"]
[SourceVersion "1"]
[SourceVersionDate "2010.11.26"]
[SourceQuality "1"]
[WhiteTeam "Pannonpower"]
[BlackTeam "Haladas II"]
[WhiteTeamCountry "HUN"]
[BlackTeamCountry "HUN"]

1. e4 d6 2. d4 Nf6 3. Nc3 Nbd7 4. Nf3 e5 5. Bc4 Be7 6. 0-0 0-0 7. Qe2 c6 8. dxe5 dxe5 9. h3 b5 10. Bd3 Bb7 11. Bd2 a6 12. b3 Qc7 13. a4 Rfd8 14. Nd1 Nc5 15. Nb2 h6 16. Rfd1 Ne6 17. c3 Nh5 18. Be3 Nhf4 19. Qc2 Nxd3 20. Nxd3 f6 21. b4 c5 22. Nxc5 Nxc5 23. Bxc5 Bxc5 24. bxc5 Qxc5 25. axb5 axb5 26. Rxa8 Rxa8 27. Qb3+ Qc4 28. Qxc4+ bxc4 29. Nd2 Rd8 30. f3 Rd3 31. Kf1 Rxc3 32. Rb1 Ba6 33. Ra1 Rc2 34. Rxa6 Rxd2 35. Rc6 Rc2 36. g3 c3 37. Ke1 Rg2 0-1

[Event "HUN-chT2 Charousek 0910"]
[Site "Hungary"]
[Date "2009.11.22"]
[Round "2"]
[White "Zambo, Arpad"]
[Black "Kalmar, Lilla"]
[Result "1/2-1/2"]
[WhiteElo "1848"]
[BlackElo "1963"]
[PlyCount "91"]
[EventDate "2009.11.08"]
[EventType "team-tourn"]
[EventRounds "11"]
[EventCountry "HUN"]
[SourceTitle "EXT 2011"]
[Source "ChessBase"]
[SourceDate "2010.11.26"]
[SourceVersion "1"]
[SourceVersionDate "2010.11.26"]
[SourceQuality "1"]
[WhiteTeam "Fehervar"]
[BlackTeam "Pannonpower"]
[WhiteTeamCountry "HUN"]
[BlackTeamCountry "HUN"]

1. e4 c5 2. Nf3 Nc6 3. d4 cxd4 4. Nxd4 Nf6 5. Nc3 e5 6. Ndb5 d6 7. Bg5 a6 8. Na3 b5 9. Nd5 Be7 10. Nxe7 Nxe7 11. Bxf6 gxf6 12. Qd2 Bb7 13. f3 d5 14. Bd3 Rc8 15. 0-0 0-0 16. Rae1 Ng6 17. Qh6 Nf4 18. Nb1 Nxd3 19. cxd3 Rc2 20. f4 dxe4 21. fxe5 Qd4+ 22. Kh1 exd3 23. Nd2 Qg4 24. Rf2 Qg6 25. Qf4 Re8 26. h4 Kh8 27. Kh2 Rg8 28. g3 Rc5 29. Qxf6+ Qxf6 30. exf6 Rc2 31. Re7 Bd5 32. b3 Be6 33. h5 h6 34. Kg2 Rxa2 35. Kf3 Rd8 36. Ke3 Kg8 37. g4 a5 38. Rg2 Kh7 39. g5 hxg5 40. Rxg5 b4 41. Re5 Kh6 42. Ra7 Rd5 43. Rxd5 Bxd5 44. Rd7 Be6 45. Rxd3 Rc2 46. Kd4 1/2-1/2

[Event "HUN-chT2 Charousek 0809"]
[Site "Hungary"]
[Date "2009.04.05"]
[Round "10"]
[White "Odor, Istvan"]
[Black "Kalmar, Lilla"]
[Result "1/2-1/2"]
[WhiteElo "1872"]
[BlackElo "1877"]
[PlyCount "117"]
[EventDate "2008.10.26"]
[EventType "team-tourn"]
[EventRounds "11"]
[EventCountry "HUN"]
[SourceTitle "EXT 2010"]
[Source "ChessBase"]
[SourceDate "2010.11.25"]
[SourceVersion "1"]
[SourceVersionDate "2010.11.25"]
[SourceQuality "1"]
[WhiteTeam "Sarvar"]
[BlackTeam "Pannonpower"]
[WhiteTeamCountry "HUN"]
[BlackTeamCountry "HUN"]

1. e4 c5 2. Nf3 Nc6 3. d4 cxd4 4. Nxd4 Nf6 5. Nc3 e5 6. Ndb5 d6 7. Bg5 a6 8. Na3 b5 9. Nd5 Be7 10. Bxf6 Bxf6 11. c3 Bg5 12. Nc2 Ne7 13. Ncb4 0-0 14. a4 bxa4 15. Rxa4 a5 16. Nxe7+ Qxe7 17. Nd5 Qb7 18. b3 Kh8 19. Bd3 Be6 20. Bc4 Bd7 21. Ra3 f5 22. exf5 Bxf5 23. 0-0 Qc6 24. Qe2 Be6 25. Rd1 Ra7 26. Ra2 Bxd5 27. Rxd5 Qb6 28. Qd3 Rf6 29. Rb5 Qc7 30. Qd5 Rf8 31. Rbxa5 Rxa5 32. Qxa5 Qxa5 33. Rxa5 Bd2 34. Rd5 Bxc3 35. f3 Bd4+ 36. Kf1 Bc5 37. Ke2 Ra8 38. h3 g6 39. Rd2 Kg7 40. Kd3 Kf6 41. Ke4 Bb4 42. Re2 Ra5 43. Rc2 Kg5 44. g3 h6 45. h4+ Kf6 46. g4 Ra1 47. Rg2 Rh1 48. g5+ hxg5 49. hxg5+ Ke7 50. f4 Rh4 51. Rf2 Be1 52. Ra2 Rxf4+ 53. Kd5 Bf2 54. Re2 Bc5 55. Re4 Rf5 56. Rg4 Be3 57. Bd3 Rxg5 58. Rxg5 Bxg5 59. Bxg6 1/2-1/2

[Event "HUN-chT2 Charousek 0708"]
[Site "Hungary"]
[Date "2008.05.18"]
[Round "11"]
[White "Kalmar, Lilla"]
[Black "Csom, Etelka"]
[Result "0-1"]
[WhiteElo "1815"]
[BlackElo "2087"]
[PlyCount "70"]
[EventDate "2007.10.14"]
[EventType "team"]
[EventRounds "11"]
[EventCountry "HUN"]
[SourceTitle "EXT 2009"]
[Source "ChessBase"]
[SourceDate "2008.11.26"]
[SourceVersion "1"]
[SourceVersionDate "2008.11.26"]
[SourceQuality "1"]
[WhiteTeam "Pannonpower"]
[BlackTeam "Taban Spartacus"]
[WhiteTeamCountry "HUN"]
[BlackTeamCountry "HUN"]

1. e4 e5 2. Nf3 Nc6 3. Bb5 Nf6 4. d3 Bc5 5. 0-0 d6 6. Nbd2 0-0 7. c3 Bg4 8. h3 Bh5 9. Re1 Bb6 10. Nc4 h6 11. Be3 Bxe3 12. Nxe3 Ne7 13. Nf5 c6 14. Ba4 Nxf5 15. exf5 Qc8 16. Re3 Qxf5 17. Bc2 Nd5 18. Re4 Nf4 19. Re3 Qg6 20. Qf1 Nxh3+ 21. Kh2 Nf4 22. Nh4 Qf6 23. g3 Nd5 24. Ree1 Qg5 25. Bb3 Nf6 26. Bd1 Bxd1 27. Raxd1 Ng4+ 28. Kg2 f5 29. Qe2 f4 30. Kh3 Ne3 31. Rd2 Nd5 32. Rg1 f3 33. Qd1 Qf6 34. Re1 g5 35. c4 Ne7 0-1

[Event "HUN-chT2 Charousek 0708"]
[Site "Hungary"]
[Date "2008.04.27"]
[Round "10"]
[White "Kalmar, Lilla"]
[Black "Radnai, Tamas"]
[Result "1/2-1/2"]
[WhiteElo "1815"]
[BlackElo "2046"]
[PlyCount "59"]
[EventDate "2007.10.14"]
[EventType "team"]
[EventRounds "11"]
[EventCountry "HUN"]
[SourceTitle "EXT 2009"]
[Source "ChessBase"]
[SourceDate "2008.11.26"]
[SourceVersion "1"]
[SourceVersionDate "2008.11.26"]
[SourceQuality "1"]
[WhiteTeam "Pannonpower"]
[BlackTeam "Dunaharaszti"]
[WhiteTeamCountry "HUN"]
[BlackTeamCountry "HUN"]

1. e4 e6 2. d4 d5 3. Nd2 Nf6 4. e5 Nfd7 5. Bd3 c5 6. c3 Nc6 7. Ne2 Qb6 8. Nf3 f6 9. exf6 Nxf6 10. 0-0 Bd6 11. Bc2 0-0 12. Ng5 e5 13. dxe5 Bxe5 14. Bf4 Qc7 15. Qd2 Kh8 16. Rae1 d4 17. Bxe5 Nxe5 18. cxd4 Nc4 19. Qc3 Ng4 20. Ng3 cxd4 21. Qxd4 h6 22. Nf3 b5 23. h3 Nf6 24. Nh4 Rd8 25. Ng6+ Kg8 26. Qc3 Qb6 27. Ne7+ Kh8 28. Ng6+ Kg8 29. Ne7+ Kh8 30. Ng6+ 1/2-1/2

[Event "HUN-chT2 Charousek 0708"]
[Site "Hungary"]
[Date "2008.02.09"]
[Round "5"]
[White "Kalmar, Lilla"]
[Black "Horvath, Reka"]
[Result "1/2-1/2"]
[WhiteElo "1815"]
[BlackElo "1983"]
[PlyCount "56"]
[EventDate "2007.10.14"]
[EventType "team"]
[EventRounds "11"]
[EventCountry "HUN"]
[SourceTitle "EXT 2009"]
[Source "ChessBase"]
[SourceDate "2008.11.26"]
[SourceVersion "1"]
[SourceVersionDate "2008.11.26"]
[SourceQuality "1"]
[WhiteTeam "Pannonpower"]
[BlackTeam "Haladas II"]
[WhiteTeamCountry "HUN"]
[BlackTeamCountry "HUN"]

1. e4 c5 2. Nf3 d6 3. d4 cxd4 4. Nxd4 Nf6 5. f3 g6 6. c4 Bg7 7. Nc3 0-0 8. Be3 Nc6 9. Qd2 Re8 10. Be2 Bd7 11. 0-0 a6 12. Rac1 Rc8 13. b3 e6 14. Nc2 Qa5 15. b4 Nxb4 16. Nxb4 Qxb4 17. Rb1 Qa5 18. Rxb7 Bc6 19. Rb3 Qc7 20. Rd1 Nd7 21. Qxd6 Qa5 22. Bd2 Be5 23. Qa3 Qc7 24. g3 Bxg3 25. hxg3 Qxg3+ 26. Kh1 Qh3+ 27. Kg1 Qg3+ 28. Kh1 Qh3+ 1/2-1/2

[Event "HUN-chT2 Charousek 0607"]
[Site "Hungary"]
[Date "2007.05.20"]
[Round "11"]
[White "Kalmar, Lilla"]
[Black "Misetane Burjan, Anita"]
[Result "1/2-1/2"]
[WhiteElo "1793"]
[BlackElo "2012"]
[PlyCount "37"]
[EventDate "2006.11.12"]
[EventType "team"]
[EventRounds "11"]
[EventCountry "HUN"]
[SourceTitle "EXT 2008"]
[Source "ChessBase"]
[SourceDate "2007.11.25"]
[SourceVersion "1"]
[SourceVersionDate "2007.11.25"]
[SourceQuality "1"]
[WhiteTeam "Pannonpower"]
[BlackTeam "Szenna Pack"]
[WhiteTeamCountry "HUN"]
[BlackTeamCountry "HUN"]

1. e4 e5 2. Nf3 Nc6 3. Bb5 a6 4. Ba4 Nf6 5. d3 d6 6. c3 Be7 7. Nbd2 Bg4 8. Nf1 b5 9. Bc2 d5 10. Qe2 d4 11. h3 Bxf3 12. Qxf3 a5 13. Ng3 g6 14. 0-0 a4 15. Ne2 b4 16. c4 Nd7 17. Qg4 h5 18. Qg3 h4 19. Qh2 1/2-1/2

[Event "HUN-chT2 Charousek 0607"]
[Site "Hungary"]
[Date "2007.03.04"]
[Round "6"]
[White "Vince, Viola"]
[Black "Kalmar, Lilla"]
[Result "0-1"]
[WhiteElo "1796"]
[BlackElo "1793"]
[PlyCount "120"]
[EventDate "2006.11.12"]
[EventType "team"]
[EventRounds "11"]
[EventCountry "HUN"]
[SourceTitle "EXT 2008"]
[Source "ChessBase"]
[SourceDate "2007.11.25"]
[SourceVersion "1"]
[SourceVersionDate "2007.11.25"]
[SourceQuality "1"]
[WhiteTeam "Decs"]
[BlackTeam "Pannonpower"]
[WhiteTeamCountry "HUN"]
[BlackTeamCountry "HUN"]

1. d4 Nf6 2. c4 g6 3. Nc3 d5 4. Nf3 Bg7 5. Bf4 0-0 6. Rc1 dxc4 7. e4 b5 8. Nxb5 Nxe4 9. Bxc7 Qd7 10. Bxc4 a6 11. Na3 Nc6 12. Be5 Bh6 13. Rc2 Bb7 14. 0-0 Rad8 15. Qe1 Nxe5 16. dxe5 g5 17. e6 Qd6 18. exf7+ Kh8 19. Qa5 g4 20. Qe5+ Bg7 21. Qxd6 exd6 22. Nh4 d5 23. Be2 Bc8 24. Rc7 Bxb2 25. Nc2 d4 26. Bd3 Nc3 27. Re1 Nd5 28. Ra7 Nf4 29. Rd1 Nxd3 30. Rxd3 Be6 31. g3 Bxa2 32. Nb4 Bc4 33. Rd1 d3 34. Nc6 Rd6 35. Ne7 Bb5 36. Nef5 Rdd8 37. Ng2 d2 38. Nf4 Bc4 39. Rb7 Be5 40. Ne3 Bxf7 41. Nf1 Bc3 42. Ne2 Ba5 43. Ne3 Rc8 44. Rbb1 Rfd8 45. Ra1 Rc5 46. Kf1 Bc3 47. Nxc3 Rxc3 48. Ke2 Rcd3 49. Rab1 Bb3 50. Rg1 a5 51. Nd1 a4 52. Nb2 R3d6 53. Nd1 Re8+ 54. Ne3 d1Q+ 55. Rgxd1 Rxd1 56. Rxd1 Bxd1+ 57. Kxd1 Rc8 58. Nc2 Kg7 59. Kc1 a3 60. Kb1 a2+ 0-1